Spolupráce NETWINGS, s.r.o. s firmou TOP1TAXI příklady z marketingové praxe
Spoločnosť TOP1TAXI (jedna z popredných a najspoľahlivejších taxi služieb v Brne) a jej nový projekt Rezervačný systém prepravy. Ako projekt prakticky funguje, ciele projektu a výsledný efekt.
Gespeichert in:
| 1. Verfasser: | |
|---|---|
| Format: | Buchkapitel |
| Sprache: | Tschechisch |
| Schlagworte: | |
| Tags: |
Keine Tags, Fügen Sie das erste Tag hinzu!
|
MARC
| LEADER | 00000naa a2200000 4500 | ||
|---|---|---|---|
| 001 | 0229143 | ||
| 005 | 20220805075838.3 | ||
| 041 | 0 | |a cze | |
| 044 | |a CZ | ||
| 245 | 1 | 0 | |a Spolupráce NETWINGS, s.r.o. s firmou TOP1TAXI |b příklady z marketingové praxe |c Andrea Skočková |
| 520 | |a Spoločnosť TOP1TAXI (jedna z popredných a najspoľahlivejších taxi služieb v Brne) a jej nový projekt Rezervačný systém prepravy. Ako projekt prakticky funguje, ciele projektu a výsledný efekt. | ||
| 610 | 2 | 0 | |a služby dopravné |
| 610 | 2 | 0 | |a služby logistické |
| 610 | 2 | 0 | |a ceny |
| 100 | 1 | |a Skočková, Andrea | |